000 00622nam a22001817a 4500
003 BUBTL
008 211028b ||||| |||| 00| 0 eng d
082 _a342/ C4595m/ 1978
100 _91806
_aচৌধুরী,আজিজুর রহমান
245 _aআধুনিক সংবিধান/
_cআজিজুর রহমান চৌধুরী
250 _a1st
260 _aঢাকা
_bবাংলা একাডেমী
_cc1978
300 _a187p . :
_c22 সে.মি.
650 0 _926
_aLaw
856 _k0
_l0
_yDownload
942 _2ddc
_cBK
999 _c6563
_d6563